La vita di Giovanni d'Austria (Record no. 157624)
[ view plain ]
| 000 -LEADER | |
|---|---|
| campo de control de longitud fija | 00886nam a2200217 i 4500 |
| 001 - NÚMERO DE CONTROL | |
| campo de control | 157624 |
| 003 - IDENTIFICADOR DE NÚMERO DE CONTROL | |
| campo de control | ES-MaACL |
| 005 - FECHA Y HORA DE LA ÚLTIMA TRANSACCIÓN | |
| campo de control | 20230906210749.0 |
| 008 - DATOS DE LONGITUD FIJA--INFORMACIÓN GENERAL | |
| campo de control de longitud fija | 990211s1686 gw |||| | ita d |
| 040 ## - FUENTE DE CATALOGACIÓN | |
| Centro catalogador/agencia de origen | CCPB | B |
| Lengua de catalogación | spa |
| Centro/agencia transcriptor | CCPB | B |
| 100 1# - ENTRADA PRINCIPAL--NOMBRE DE PERSONA | |
| Nombre de persona | Leti, Gregorio. |
| 9 (RLIN) | 128911 |
| 245 13 - MENCIÓN DEL TÍTULO | |
| Título | La vita di Giovanni d'Austria |
| Resto del título | : figlio naturale fi Filippo IV Rè di Spagna / |
| Mención de responsabilidad, etc. | opera Istorica e Politica raccolta e scritta da N.N. |
| 260 ## - PUBLICACIÓN, DISTRIBUCIÓN, ETC. | |
| Lugar de publicación, distribución, etc. | In Colonia : |
| Nombre del editor, distribuidor, etc. | apresso Pietro del Martello, |
| Fecha de publicación, distribución, etc. | 1686. |
| 300 ## - DESCRIPCIÓN FÍSICA | |
| Extensión | [4], 632 p. ; |
| Dimensiones | 12º. |
| 510 4# - NOTA DE CITAS O REFERENCIAS BIBLIOGRÁFICAS | |
| Nombre de la fuente | Palau, |
| Localización dentro de la fuente | 136732 |
| 594 ## - Nota al título y mención de responsabilidad | |
| Nota al título y mención de responsabilidad | Autor tomado del Catálogo de la RAH. |
| 597 ## - NOTA DE DESCRIPCIÓN FÍSICA | |
| NOTA DE DESCRIPCIÓN FÍSICA | Sign.: *2, A-Z12, 2A-2C12, D4. |
| 597 ## - NOTA DE DESCRIPCIÓN FÍSICA | |
| NOTA DE DESCRIPCIÓN FÍSICA | Port. con grab. xil. |
| 600 14 - PUNTO DE ACCESO ADICIONAL DE MATERIA--NOMBRE DE PERSONA | |
| Nombre de persona | Austria, Juan José de ( |
| Fechas asociadas al nombre | 1629-1679) |
| 9 (RLIN) | 125751 |
| 852 ## - LOCALIZACIÓN | |
| Ubicación | ES-MaACL |
| Número de control de estantería | R-606 |
| Nota libre | -- Enc. hol. |
| Encuadernación | -- Edic: T245: Corregir en tit.: "La vita di Don Giovanni d'Austria ..." |
| -- | D-3977 |
| Estatus retirado | Estado de pérdida | Estado de daño | No para préstamo | Colección | Biblioteca de origen | Biblioteca actual | Ubicación en estantería | Fecha de adquisición | Fuente de adquisición | Total de préstamos | Signatura topográfica completa | Código de barras | Visto por última vez | Precio de reemplazo | Tipo de ítem Koha |
|---|---|---|---|---|---|---|---|---|---|---|---|---|---|---|---|
| Libros del s. XVII | Biblioteca del Ateneo de Madrid | Biblioteca del Ateneo de Madrid | Depósito | 17/01/2008 | R-606 | 1164949 | 23/02/2023 | 23/02/2023 | Libro impreso antiguo |
